|
|
|
|
| LEADER |
00000nam a22000007i 4500 |
| 001 |
IT\ICCU\UBO\2295451 |
| 003 |
ItRI |
| 005 |
20260115231824.0 |
| 008 |
030918s1986 xxk|||||| ||||| |||||c |
| 020 |
|
|
|a 085449006X (pbk)
|
| 040 |
|
|
|b ita
|c importazione bologna sebina
|
| 041 |
|
7 |
|a eng
|2 ISO-639-2
|
| 100 |
1 |
|
|a Lucie-Smith, Edward
|0 IT\ICCU\CFIV\019981
|4 aut
|
| 245 |
1 |
4 |
|a The dark pageant /
|c Edward Lucie-Smith.
|
| 260 |
|
|
|a London :
|b GMP,
|c 1986
|
| 300 |
|
|
|a 281 p. ;
|c 20 cm.
|
| 942 |
|
|
|2 ddc
|c BK
|n 0
|
| 952 |
|
|
|0 0
|1 0
|4 0
|6 DOC_823_914000000000000_LUC
|7 0
|9 13548
|a BO
|b BO
|d 2026-01-15
|i 3480
|l 0
|o DOC 823.914 LUC
|p BO3480
|r 2026-01-15 23:18:24
|w 2026-01-15
|x [Sebina 5] [1 v.]
|y BK
|z 1 v.
|
| 999 |
|
|
|c 11648
|d 11648
|